Factibilidad técnico-económica de una alternativa vial Cabildo-Putaendo

Uloženo v:
Podrobná bibliografie
Hlavní autor: Baraqui W., Jaime (Autor)
Médium: Kniha
Jazyk:španělština
Vydáno: Santiago Dirección de Planificación y Presupuesto. M.O.P. y T 1969
Edice:Publicación, 40
Témata:
Tagy: Přidat tag
Žádné tagy, Buďte první, kdo vytvoří štítek k tomuto záznamu!

MARC

LEADER 00000nam a2200000 a 4500
001 UCU6297
003 CL-VaPUC
008 960614e19690000CL |||||||||||||||||spa|d
082 0 4 |a 625.7  |b BAR  |2 21 
100 0 |a Baraqui W., Jaime  |e author  |9 364496 
245 1 0 |a Factibilidad técnico-económica de una alternativa vial Cabildo-Putaendo 
300 |a 160 p 
942 |c BK 
945 |d 19960614 00:00:00  |a paguirre 
260 |a Santiago  |b Dirección de Planificación y Presupuesto. M.O.P. y T  |c 1969 
650 0 |a Carreteras  |9 260132 
650 0 |a Construcción de carreteras  |9 260999 
650 0 |a Obras públicas  |9 261125 
650 0 |a Ingeniería civil  |9 260076 
651 7 |a CABILDO  |2 CL-VaPUC  |9 364497 
651 7 |a PUTAENDO  |2 CL-VaPUC  |9 364498 
583 |a last modification  |c 20121207 08:12:01  |k Rodrigo Vera 
490 0 |a Publicación, 40 
999 |c 249293  |d 249291 
952 |0 0  |1 0  |4 0  |6 625_700000000000000_BAR_1969  |7 0  |8 A  |9 266480  |a BIBING  |b BIBING  |d 2019-11-19  |i 168308K  |o 625.7 BAR 1969  |p 168308K  |r 2025-01-20  |w 2019-11-19  |y BK  |k TRA